000 00686nam a2200289Ia 4500
005 20260324133707.0
008 008 260324s9999 xx 000 0 eng d
020 _a9780429215025
037 _aEBOOK
040 _aCRL
040 _beng
040 _cCRL
041 _2eng
041 _aeng
084 _qCRL
100 _aFrancis Leroy
_91194038
245 2 _aA Century of Nobel Prize Recipients
245 0 _bChemistry, Physics, and Medicine
260 _bTaylor and Francis
260 _c2003
365 _a
365 _b330
856 _uhttp://www.taylorfrancis.com/books/9780429215025
942 _cEBOOK
999 _c1793367
_d1793367